Audiencias diversas al juicio : técnicas de litigación /

Guardado en:
Autor Principal: Zalamea León, Diego.
Otros Autores: Binder, Alberto, (dir. de la colección.), Lorenzo, Leticia, (cord. general.)
Formato: Libro
Idioma:Undetermined
Publicado: Ciudad Autónoma de Buenos Aires : Didot, 2021.
Edición:1a. ed.
Series:Litigación y Enjuiciamiento Penal Adversarial
Materias:
Etiquetas: Agregar Etiqueta
Sin Etiquetas, Sea el primero en etiquetar este registro!
LEADER 00744nam a22002175a 4500
001 DER.der014840
008 230925s2021####xx############000#0#und#d
005 20230926093835.0
245 1 0 |a Audiencias diversas al juicio :  |b técnicas de litigación /  |c Diego Zalamea León. 
250 |a 1a. ed. 
260 |a Ciudad Autónoma de Buenos Aires :  |b Didot,  |c 2021. 
300 |a 192 p. 
490 1 |a Litigación y Enjuiciamiento Penal Adversarial 
020 |a 9789873620867 
100 1 |a Zalamea León, Diego. 
700 1 |a Binder, Alberto,  |e dir. de la colección. 
700 1 |a Lorenzo, Leticia,  |e cord. general. 
650 7 |a DERECHO PENAL 
650 7 |a DERECHO PROCESAL PENAL 
650 7 |a LITGACION PENAL 
859 |a DERECHO  |b BIB. DERECHO  |h 345.07  |i ZAL  |p 0010228